000 00973nam a2200241 a 4500
001 83763
003 BD-RjUL
005 20240516170125.0
008 240516s2011 bg a|||| m||| 00| 0 eng d
035 _a(BD-RjUL)83763
040 _aBD-RjUL
_beng
_cBD-RjUL
_dBD-RjUL
041 _aeng
082 _223
_a594.3095492
_bZAE 2011
100 _aZaman, Md. Beniaz
_913046
245 1 0 _aEcology and Economic Status of Lime Producing Mangrove Gastropod, Telescopium Telescopium (Linnaeus) in Bangladesh /
_cBy Md. Beniaz Zaman ;
_6Supervisor : M. Sarwar Jahan
260 _aRajshahi :
_bInstitute of Environmental Sciences, University of Rajshahi,
_c2011
300 _axxii, 215 Leaves :
_bill, ;
_c29 cm.
502 _aThesis (Ph. D.) -- Institute of Environmental Sciences, University of Rajshahi, 2011
504 _aReferences : Leaves [181]-197
650 _aMolluscoidea
_vGastropod
_zBangladesh
_913047
700 _aJahan, M. Sarwar, Supervisor
_94971
942 _2ddc
_cTHE
999 _c83763
_d83763